Eight Border Countries - Statistics

General Stats
  • This quiz has been taken 14 times
  • The average score is 5 of 7
Answer Stats
Answer % Correct
France
100%
Serbia
92%
Austria
62%
Turkey
62%
Tanzania
54%
Zambia
54%
Saudi Arabia
46%
No matching quizzes found
Score Distribution
Percent of People with Each Score
Percentile by Number Answered
Your Score History
You have not taken this quiz